[Event "World Rapid 2022"]
[Site "Almaty KAZ"]
[Date "2022.12.27"]
[Round "8.88"]
[White "Everett, Elijah"]
[Black "Nissinen, Niilo Man"]
[Result "1-0"]
[BlackTitle "CM"]
[WhiteElo "2202"]
[BlackElo "1996"]
[WhiteFideId "12973696"]
[BlackFideId "30950767"]
[EventDate "2022.12.26"]

1. e4 c5 2. Nf3 Nc6 3. d4 cxd4 4. Nxd4 Nf6 5. Nc3 e5 6. Ndb5 d6 7. Bg5 a6 8. Na3
b5 9. Nd5 Be7 10. Bxf6 Bxf6 11. c3 Ne7 12. Nxf6+ gxf6 13. Bd3 Bb7 14. Nc2 f5 15.
exf5 Bxg2 16. Rg1 Bb7 17. a4 e4 18. Be2 Nxf5 19. Nd4 Qf6 20. Nxf5 Qxf5 21. axb5
Ke7 22. bxa6 Bc6 23. Qd4 Qf4 24. b4 Rhg8 25. Rg3 Rg5 26. c4 Rc8 27. b5 Ba8 28.
b6 Rb8 29. b7 Bxb7 30. axb7 Rxb7 31. Rxg5 Qxg5 32. Qxe4+ 1-0

[Event "World Rapid 2022"]
[Site "Almaty KAZ"]
[Date "2022.12.27"]
[Round "9.4"]
[White "Duda, Jan-Krzysztof"]
[Black "Andreikin, Dmitry"]
[Result "1/2-1/2"]
[WhiteTitle "GM"]
[BlackTitle "GM"]
[WhiteElo "2729"]
[BlackElo "2729"]
[WhiteFideId "1170546"]
[BlackFideId "4158814"]
[EventDate "2022.12.26"]

1. d4 d5 2. c4 e6 3. Nc3 a6 4. cxd5 exd5 5. Nf3 Nf6 6. Bg5 Be6 7. e3 Nbd7 8. Bd3
h6 9. Bf4 g5 10. Bg3 Nh5 11. Qc2 Nxg3 12. hxg3 c6 13. O-O-O Bg7 14. Kb1 Qe7 15.
e4 dxe4 16. Bxe4 Nf6 17. Bf5 Bxf5 18. Qxf5 O-O 19. Rhe1 Qd7 20. Qc2 Rad8 21. Ne5
Qc8 22. Nc4 Nd5 23. Nxd5 cxd5 24. Ne3 Qxc2+ 25. Kxc2 f5 26. f4 Kh7 27. Rd3 Kg6
28. Nd1 Rfe8 29. Rxe8 Rxe8 30. Nc3 Rd8 31. Ne2 Re8 32. Nc3 Rd8 33. Ne2 1/2-1/2

[Event "World Rapid 2022"]
[Site "Almaty KAZ"]
[Date "2022.12.27"]
[Round "9.6"]
[White "Nepomniachtchi, Ian"]
[Black "Sarana, Alexey"]
[Result "1/2-1/2"]
[WhiteTitle "GM"]
[BlackTitle "GM"]
[WhiteElo "2793"]
[BlackElo "2668"]
[WhiteFideId "4168119"]
[BlackFideId "24133795"]
[EventDate "2022.12.26"]

1. c4 e6 2. g3 d5 3. Bg2 dxc4 4. Qa4+ Bd7 5. Qxc4 Bc6 6. Nf3 Nf6 7. O-O Be7 8.
Nc3 O-O 9. d4 Nbd7 10. Qd3 Nd5 11. Re1 Nxc3 12. bxc3 a6 13. e4 b5 14. Bf4 Rc8
15. Rad1 Nb6 16. h4 Ba8 17. h5 h6 18. Ne5 Bg5 19. Bxg5 Qxg5 20. f4 Qe7 21. g4
Nd7 22. Nxd7 Qxd7 23. g5 f5 24. gxh6 fxe4 25. Qg3 Rf6 26. hxg7 Qxg7 27. Qxg7+
Kxg7 28. Bxe4 Bxe4 29. Rxe4 Rh8 30. d5 Rd8 31. c4 bxc4 32. Rxc4 Rxd5 33. Rxc7+
Kh6 34. Rxd5 exd5 35. Rd7 Kxh5 36. Rxd5+ Kg4 1/2-1/2

[Event "World Rapid 2022"]
[Site "Almaty KAZ"]
[Date "2022.12.27"]
[Round "9.7"]
[White "Tomashevsky, Evgeny"]
[Black "Grischuk, Alexander"]
[Result "1/2-1/2"]
[WhiteTitle "GM"]
[BlackTitle "GM"]
[WhiteElo "2694"]
[BlackElo "2745"]
[WhiteFideId "4147235"]
[BlackFideId "4126025"]
[EventDate "2022.12.26"]

1. d4 Nf6 2. c4 e6 3. Nf3 d5 4. Nc3 Be7 5. Bf4 O-O 6. e3 Nbd7 7. a3 c5 8. cxd5
Nxd5 9. Nxd5 exd5 10. dxc5 Nxc5 11. Be2 Qb6 12. b4 Ne6 13. Be5 a5 14. O-O axb4
15. axb4 Rxa1 16. Bxa1 Rd8 17. b5 Bc5 18. Qb3 d4 1/2-1/2

[Event "World Rapid 2022"]
[Site "Almaty KAZ"]
[Date "2022.12.27"]
[Round "9.10"]
[White "Yu, Yangyi"]
[Black "Niemann, Hans Moke"]
[Result "1-0"]
[WhiteTitle "GM"]
[BlackTitle "GM"]
[WhiteElo "2728"]
[BlackElo "2698"]
[WhiteFideId "8603820"]
[BlackFideId "2093596"]
[EventDate "2022.12.26"]

1. e4 e5 2. Nf3 Nc6 3. Bb5 Nf6 4. d3 Bc5 5. Bg5 h6 6. Bh4 Be7 7. Nbd2 d6 8. Nf1
a6 9. Ba4 b5 10. Bb3 Na5 11. Ne3 Nxb3 12. axb3 Be6 13. O-O O-O 14. b4 g5 15. Bg3
Kh8 16. c3 Rg8 17. d4 Nxe4 18. dxe5 g4 19. exd6 Nxg3 20. fxg3 Bxd6 21. Nd4 Qg5
22. Nef5 Be5 23. Nxe6 fxe6 24. Qe1 exf5 25. Qxe5+ Qg7 26. Qxf5 Rgf8 27. Rxa6
Rxa6 28. Qxf8+ Qxf8 29. Rxf8+ Kg7 30. Rf4 h5 31. h3 Ra1+ 32. Rf1 Ra2 33. Rf5 Kg6
34. Rxb5 1-0

[Event "World Rapid 2022"]
[Site "Almaty KAZ"]
[Date "2022.12.27"]
[Round "9.11"]
[White "Murzin, Volodar"]
[Black "Artemiev, Vladislav"]
[Result "0-1"]
[WhiteTitle "GM"]
[BlackTitle "GM"]
[WhiteElo "2561"]
[BlackElo "2701"]
[WhiteFideId "44155573"]
[BlackFideId "24101605"]
[EventDate "2022.12.26"]

1. e4 c5 2. Nf3 d6 3. Bb5+ Bd7 4. Bxd7+ Nxd7 5. O-O Ngf6 6. Qe2 e6 7. b3 Be7 8.
Bb2 O-O 9. c4 a6 10. d4 cxd4 11. Nxd4 Qa5 12. Nc3 Rfe8 13. Rfd1 Rac8 14. Rac1
Bf8 15. Kh1 Ne5 16. Qe1 Ng6 17. Nd5 Qxe1+ 0-1

[Event "World Rapid 2022"]
[Site "Almaty KAZ"]
[Date "2022.12.27"]
[Round "9.12"]
[White "Petrosian, Tigran L."]
[Black "Giri, Anish"]
[Result "0-1"]
[WhiteTitle "GM"]
[BlackTitle "GM"]
[WhiteElo "2551"]
[BlackElo "2764"]
[WhiteFideId "13301616"]
[BlackFideId "24116068"]
[EventDate "2022.12.26"]

1. Nf3 c5 2. g3 Nc6 3. c4 g6 4. Bg2 Bg7 5. Nc3 d6 6. O-O Rb8 7. b3 Nh6 8. Bb2
Nf5 9. e3 O-O 10. d3 a6 11. Qd2 b5 12. Nd5 e5 13. Rac1 Nce7 14. Nxe7+ Qxe7 15.
Qe2 bxc4 16. dxc4 e4 17. Ne1 h5 18. Rd1 Bxb2 19. Qxb2 h4 20. Nc2 Ng7 21. Na3 Bg4
22. Rd2 h3 23. Bh1 f5 24. Nb1 Ne6 25. Nc3 Ng5 26. Nd5 Qg7 27. Qa3 Ra8 28. Nf4
Rfd8 29. Qa5 Kh7 30. Qb6 Qd7 31. Nd5 Qf7 32. Nf4 Qd7 33. Nd5 Kh6 34. Nf6 Qe6 35.
Nxg4+ fxg4 36. Rfd1 Qf6 37. Kf1 Nf3 38. Ke2 Rf8 39. Kf1 Nxd2+ 40. Rxd2 Qa1+ 41.
Ke2 Rxf2+ 0-1

[Event "World Rapid 2022"]
[Site "Almaty KAZ"]
[Date "2022.12.27"]
[Round "9.13"]
[White "Maghsoodloo, Parham"]
[Black "Mamedov, Rauf"]
[Result "1/2-1/2"]
[WhiteTitle "GM"]
[BlackTitle "GM"]
[WhiteElo "2719"]
[BlackElo "2646"]
[WhiteFideId "12539929"]
[BlackFideId "13401653"]
[EventDate "2022.12.26"]

1. Nf3 Nf6 2. c4 c6 3. g3 d5 4. Bg2 g6 5. b3 Bg7 6. Bb2 O-O 7. O-O a5 8. Nc3 Ne4
9. Na4 Nf6 10. Rc1 Bg4 11. Ne5 Bf5 12. cxd5 cxd5 13. Bd4 Nbd7 14. Nxd7 Bxd7 15.
Nb6 Ra6 16. Nxd5 Nxd5 17. Bxg7 Kxg7 18. Bxd5 Bh3 19. Bg2 Bxg2 20. Kxg2 Qd5+ 21.
f3 Rd8 22. Rc2 a4 23. Qa1+ Kg8 24. bxa4 Rxa4 25. Rb1 Rda8 26. Rbb2 h5 27. Qb1
Qe6 28. e3 h4 29. Rxb7 Rxa2 30. Rb8+ Kh7 31. Rxa8 Rxa8 32. Qb4 hxg3 33. hxg3 Kg8
34. Rc7 Rd8 35. Rxe7 Qd5 36. d4 Qa2+ 37. Kh3 Kg7 38. Qb7 Rh8+ 39. Kg4 Rh5 40.
Qd7 Rf5 41. Re5 Rf6 42. Qd5 Qh2 43. f4 Re6 44. Kf3 Rb6 45. f5 Qh5+ 46. Ke4 Qg4+
47. Kd3 Qd1+ 48. Ke4 Qg4+ 49. Kd3 Qd1+ 50. Ke4 Qh1+ 1/2-1/2

[Event "World Rapid 2022"]
[Site "Almaty KAZ"]
[Date "2022.12.27"]
[Round "9.14"]
[White "Rapport, Richard"]
[Black "Yakubboev, Nodirbek"]
[Result "1/2-1/2"]
[WhiteTitle "GM"]
[BlackTitle "GM"]
[WhiteElo "2740"]
[BlackElo "2647"]
[WhiteFideId "738590"]
[BlackFideId "14203987"]
[EventDate "2022.12.26"]

1. e4 e5 2. Bc4 Nf6 3. d3 d5 4. exd5 Nxd5 5. Qf3 Be6 6. Nc3 c6 7. Nge2 Be7 8.
Qg3 O-O 9. Bh6 Bf6 10. Ne4 Nd7 11. O-O Kh8 12. Nxf6 Qxf6 13. Bd2 Qg6 14. Rfe1
Rfe8 15. Qxg6 hxg6 16. b4 f6 17. h4 a6 18. Bb3 c5 19. a3 Nc7 20. c4 Bf5 21. Bc2
Rad8 22. Ng3 cxb4 23. axb4 Nb8 24. Nxf5 gxf5 25. Be3 Ne6 26. Bb6 Rd6 27. c5 Rd4
28. b5 axb5 29. Ra8 Rf8 30. Rea1 Rb4 31. R1a3 Nc6 32. d4 Ncxd4 33. c6 bxc6 34.
Bxd4 Rxd4 35. Rxf8+ Nxf8 36. Ra8 g6 37. Rxf8+ Kg7 38. Rc8 Rxh4 39. Rxc6 Rc4 40.
Rxc4 bxc4 41. Kf1 f4 42. Ke2 f5 43. Kd2 e4 44. Kc3 Kf6 45. Kxc4 Ke5 1/2-1/2

[Event "World Rapid 2022"]
[Site "Almaty KAZ"]
[Date "2022.12.27"]
[Round "9.16"]
[White "Amin, Bassem"]
[Black "Van Foreest, Jorden"]
[Result "1-0"]
[WhiteTitle "GM"]
[BlackTitle "GM"]
[WhiteElo "2682"]
[BlackElo "2690"]
[WhiteFideId "10601457"]
[BlackFideId "1039784"]
[EventDate "2022.12.26"]

1. Nf3 d5 2. g3 c5 3. Bg2 Nc6 4. d4 e6 5. O-O cxd4 6. Nxd4 Bc5 7. Nb3 Bb6 8. c4
Nge7 9. cxd5 exd5 10. Nc3 d4 11. Na4 O-O 12. Nxb6 axb6 13. e3 d3 14. Bd2 Be6 15.
Bc3 Qd7 16. Nd4 Nxd4 17. Bxd4 Rfc8 18. Be4 Bxa2 19. Qxd3 f5 20. Bxb6 Bd5 21.
Bxd5+ Qxd5 22. Qxd5+ Nxd5 23. Bd4 Nb4 24. Rfd1 Rxa1 25. Rxa1 Nc6 26. Bc3 Rd8 27.
Kf1 Kf7 28. Ke2 g5 29. h3 h5 30. g4 fxg4 31. hxg4 hxg4 32. Rg1 b5 33. Rxg4 Rd5
34. b4 Rf5 35. e4 Ne5 36. Rg3 Rf4 37. Bxe5 Rxe4+ 38. Re3 Rxb4 39. Kf3 Kg6 40.
Re4 Rb1 41. Kg4 b4 42. Bg3 Kf6 43. Rd4 b3 44. Rd6+ Ke7 1-0

[Event "World Rapid 2022"]
[Site "Almaty KAZ"]
[Date "2022.12.27"]
[Round "9.17"]
[White "Vidit, Santosh Gujrathi"]
[Black "Tin, Jingyao"]
[Result "1-0"]
[WhiteTitle "GM"]
[BlackTitle "GM"]
[WhiteElo "2730"]
[BlackElo "2562"]
[WhiteFideId "5029465"]
[BlackFideId "5804418"]
[EventDate "2022.12.26"]

1. d4 d5 2. c4 c6 3. cxd5 cxd5 4. Bf4 Nc6 5. e3 Nf6 6. Nc3 Bf5 7. Nf3 e6 8. Bb5
Bb4 9. Ne5 Qa5 10. O-O Bxc3 11. Bxc6+ bxc6 12. bxc3 Qa6 13. f3 h6 14. Qe1 O-O
15. g4 Bd3 16. Rf2 Nh7 17. Rb2 Rfd8 18. Qd2 Bc4 19. Qc2 Nf8 20. g5 hxg5 21. Bxg5
Rdb8 22. Rab1 Rxb2 23. Rxb2 Rc8 24. Qb1 Nh7 25. Be7 f6 26. Qg6 fxe5 1-0

[Event "World Rapid 2022"]
[Site "Almaty KAZ"]
[Date "2022.12.27"]
[Round "9.18"]
[White "Tsydypov, Zhamsaran"]
[Black "Cheparinov, Ivan"]
[Result "1-0"]
[WhiteTitle "GM"]
[BlackTitle "GM"]
[WhiteElo "2534"]
[BlackElo "2688"]
[WhiteFideId "4108566"]
[BlackFideId "2905540"]
[EventDate "2022.12.26"]

1. e4 c5 2. Nf3 d6 3. d4 cxd4 4. Nxd4 Nf6 5. Nc3 a6 6. Nb3 e6 7. g4 b5 8. a3 Bb7
9. Qe2 Nc6 10. g5 Nd7 11. Be3 Nce5 12. f4 Nc4 13. O-O-O Rc8 14. Qe1 Nxe3 15.
Qxe3 Qb6 16. Qh3 Be7 17. g6 fxg6 18. Qxe6 Qe3+ 19. Kb1 Rxc3 20. bxc3 Qxe4 21.
Qxe4 Bxe4 22. Rg1 Rf8 23. c4 bxc4 24. Bxc4 Rxf4 25. Bxa6 Ne5 26. Bb5+ Kd8 27. a4
Kc7 28. Rgf1 Rh4 29. Rf2 Bf6 30. Rfd2 Rh3 31. Nd4 Kb6 32. Ne6 d5 33. Nf4 Ra3 34.
Nxd5+ Bxd5 35. Rxd5 Nc4 36. R1d4 Bxd4 37. Rxd4 Ne5 38. Re4 Nc6 39. Re6 Rc3 40.
Kb2 Rc5 41. c4 Kc7 42. Kc3 g5 43. a5 Kd7 44. Rxc6 Rxc6 45. a6 Kd6 46. Bxc6 Kxc6
47. c5 g4 48. Kd4 h5 49. Ke5 g5 50. a7 Kb7 51. Kd6 1-0

[Event "World Rapid 2022"]
[Site "Almaty KAZ"]
[Date "2022.12.27"]
[Round "9.19"]
[White "Ganguly, Surya Shekhar"]
[Black "Cheng, Bobby"]
[Result "1-0"]
[WhiteTitle "GM"]
[BlackTitle "GM"]
[WhiteElo "2582"]
[BlackElo "2583"]
[WhiteFideId "5002150"]
[BlackFideId "4300033"]
[EventDate "2022.12.26"]

1. e4 e6 2. d4 d5 3. e5 c5 4. c3 Nc6 5. Nf3 Qb6 6. Bd3 cxd4 7. O-O Bd7 8. Re1
Nge7 9. h4 a6 10. h5 g6 11. Nbd2 gxh5 12. Nb3 dxc3 13. bxc3 Ng6 14. Rb1 Qc7 15.
Nbd4 Bg7 16. Nxc6 Bxc6 17. Ba3 Bf8 18. Bxf8 Kxf8 19. Qd2 h6 20. Nd4 Ke7 21. f4
Rag8 22. Qf2 Kd7 23. Rb2 Ne7 24. f5 Kc8 25. fxe6 fxe6 26. Nxe6 Qa5 27. Nd4 Qxc3
28. Nxc6 Nxc6 29. Bf5+ Kb8 30. Reb1 Rg7 31. Rc2 Qxe5 32. Rxc6 Rf8 33. Rxa6 d4
34. Re6 Qd5 35. Be4 Qc5 36. Rf6 Re8 37. Rf7 Rxf7 38. Qxf7 d3+ 39. Kh1 1-0

[Event "World Rapid 2022"]
[Site "Almaty KAZ"]
[Date "2022.12.27"]
[Round "9.20"]
[White "Indjic, Aleksandar"]
[Black "Gelfand, Boris"]
[Result "1/2-1/2"]
[WhiteTitle "GM"]
[BlackTitle "GM"]
[WhiteElo "2636"]
[BlackElo "2667"]
[WhiteFideId "911925"]
[BlackFideId "2805677"]
[EventDate "2022.12.26"]

1. c4 c5 2. Nf3 Nc6 3. Nc3 Nf6 4. d4 cxd4 5. Nxd4 e6 6. g3 Qb6 7. Ndb5 Ne5 8.
Bf4 Nfg4 9. e3 a6 10. h3 axb5 11. hxg4 Nxc4 12. Qb3 d5 13. Bxc4 dxc4 14. Qxb5+
Qxb5 15. Nxb5 Bb4+ 16. Ke2 Ra5 17. Nd6+ Bxd6 1/2-1/2

[Event "World Rapid 2022"]
[Site "Almaty KAZ"]
[Date "2022.12.27"]
[Round "9.21"]
[White "Svane, Rasmus"]
[Black "Suleymenov, Alisher"]
[Result "1/2-1/2"]
[WhiteTitle "GM"]
[BlackTitle "IM"]
[WhiteElo "2622"]
[BlackElo "2476"]
[WhiteFideId "4657101"]
[BlackFideId "13707833"]
[EventDate "2022.12.26"]

1. Nf3 Nf6 2. g3 g6 3. Bg2 Bg7 4. O-O O-O 5. d4 d5 6. c4 c6 7. a4 a5 8. cxd5
cxd5 9. Qb3 Nc6 10. Nc3 Nb4 11. Nb5 Bf5 12. Bd2 Nc6 13. Nc3 Ne4 14. e3 Nb4 15.
Nxe4 dxe4 16. Ng5 e5 17. Nxe4 Be6 18. d5 Bxd5 19. Qd1 Bc4 20. Bxb4 axb4 21. Qxd8
Rfxd8 22. Rfc1 Rac8 23. Rc2 1/2-1/2

[Event "World Rapid 2022"]
[Site "Almaty KAZ"]
[Date "2022.12.27"]
[Round "9.22"]
[White "Sargissian, Gabriel"]
[Black "Chigaev, Maksim"]
[Result "1/2-1/2"]
[WhiteTitle "GM"]
[BlackTitle "GM"]
[WhiteElo "2699"]
[BlackElo "2632"]
[WhiteFideId "13300881"]
[BlackFideId "4108116"]
[EventDate "2022.12.26"]

1. d4 Nf6 2. Nf3 g6 3. c4 Bg7 4. Nc3 O-O 5. e4 d6 6. Be2 e5 7. O-O exd4 8. Nxd4
Re8 9. f3 c6 10. Nc2 Na6 11. Kh1 Nc7 12. Ne3 Ne6 13. Re1 h5 14. g3 h4 15. g4 Nh7
16. Ng2 Be5 17. Rf1 h3 18. Ne1 Nf4 19. Nd3 Qf6 20. Bxf4 Bxf4 21. Nxf4 Qxf4 22.
Qc1 Qxc1 23. Raxc1 Be6 24. Rcd1 Rad8 25. Rd2 f5 26. gxf5 gxf5 27. Rfd1 fxe4 28.
Nxe4 d5 29. Nc5 Bc8 30. cxd5 cxd5 31. Bc4 Nf6 32. Ne4 Kf7 33. Bxd5+ Nxd5 34.
Rxd5 Rxd5 35. Rxd5 Be6 36. Rb5 Re7 37. a3 b6 38. Kg1 Rc7 39. Kf2 Rc2+ 40. Kg3
Rg2+ 41. Kf4 Rxh2 42. Ng5+ Kf6 43. Nxe6 Kxe6 44. Kg3 Rh1 45. Rh5 Rb1 46. Rb5 Rh1
47. Rh5 Rb1 48. Rb5 Rh1 49. Kf4 1/2-1/2

[Event "World Rapid 2022"]
[Site "Almaty KAZ"]
[Date "2022.12.27"]
[Round "9.23"]
[White "Puranik, Abhimanyu"]
[Black "Nihal, Sarin"]
[Result "0-1"]
[WhiteTitle "GM"]
[BlackTitle "GM"]
[WhiteElo "2616"]
[BlackElo "2670"]
[WhiteFideId "5061245"]
[BlackFideId "25092340"]
[EventDate "2022.12.26"]

1. e4 Nc6 2. Nf3 d6 3. d4 Nf6 4. Nc3 g6 5. h3 Bg7 6. Be3 O-O 7. Qd2 a6 8. Bh6 b5
9. Bxg7 Kxg7 10. Bd3 e5 11. d5 Ne7 12. O-O-O c6 13. dxc6 Nxc6 14. g4 Be6 15. Ng5
Rc8 16. Kb1 Qa5 17. f3 Nd4 18. Rhf1 Bc4 19. Bxc4 Rxc4 20. Nd5 Qxd2 21. Rxd2 Nxd5
22. exd5 h6 23. b3 Rxc2 24. Rxc2 Nxc2 25. Ne4 Ne3 26. Re1 Nxd5 27. Nxd6 Rd8 28.
Nb7 Re8 29. Nc5 a5 30. Nb7 Nf4 31. Nxa5 Nxh3 32. Nb7 b4 33. Re4 Ng5 34. Rxb4
Nxf3 35. Nd6 Re6 36. Ne4 h5 37. gxh5 gxh5 38. Kc2 f5 39. Nd2 Rc6+ 40. Rc4 Rxc4+
41. Nxc4 h4 42. Ne3 Kf6 43. a4 h3 44. Nf1 Ke6 45. a5 Kd7 46. Ng3 f4 47. Nh1 e4
48. b4 Nd4+ 0-1

[Event "World Rapid 2022"]
[Site "Almaty KAZ"]
[Date "2022.12.27"]
[Round "9.24"]
[White "Sadhwani, Raunak"]
[Black "Bluebaum, Matthias"]
[Result "1/2-1/2"]
[WhiteTitle "GM"]
[BlackTitle "GM"]
[WhiteElo "2627"]
[BlackElo "2657"]
[WhiteFideId "35093487"]
[BlackFideId "24651516"]
[EventDate "2022.12.26"]

1. d4 d5 2. Nf3 e6 3. Bf4 c5 4. e3 Nc6 5. Nbd2 Bd6 6. Bxd6 Qxd6 7. dxc5 Qxc5 8.
c4 Nf6 9. a3 dxc4 10. Bxc4 O-O 11. O-O Ne5 12. Rc1 Nxf3+ 13. Nxf3 Qb6 14. Qb3
Qxb3 15. Bxb3 Bd7 16. Rc7 Bc6 17. Ne5 Nd5 18. Bxd5 Bxd5 19. Rfc1 f6 20. Nd7 Rfd8
21. f3 e5 22. Nc5 Rac8 23. Rxc8 Rxc8 1/2-1/2

[Event "World Rapid 2022"]
[Site "Almaty KAZ"]
[Date "2022.12.27"]
[Round "9.25"]
[White "Tabatabaei, M. Amin"]
[Black "Sjugirov, Sanan"]
[Result "1-0"]
[WhiteTitle "GM"]
[BlackTitle "GM"]
[WhiteElo "2660"]
[BlackElo "2712"]
[WhiteFideId "12521213"]
[BlackFideId "4189302"]
[EventDate "2022.12.26"]

1. d4 d5 2. Nf3 Nf6 3. c3 g6 4. Bf4 Bg7 5. h3 O-O 6. e3 c5 7. Nbd2 Qb6 8. Qb3 c4
9. Qa3 Nc6 10. Be2 Re8 11. b3 cxb3 12. axb3 Ne4 13. Nxe4 dxe4 14. Nd2 e5 15. Nc4
Qd8 16. Bg3 exd4 17. exd4 b5 18. Nd6 Bf8 19. Bxb5 Nxd4 20. cxd4 Re6 21. Bc6 Rb8
22. Nxf7 Qxd4 23. Nh6+ Bxh6 24. O-O Rb6 25. Rfd1 Bd2 26. Qa4 Rb4 27. Qa2 e3 28.
fxe3 Qxe3+ 29. Bf2 Qxf2+ 1-0

[Event "World Rapid 2022"]
[Site "Almaty KAZ"]
[Date "2022.12.27"]
[Round "9.26"]
[White "Tsaruk, Maksim"]
[Black "Martirosyan, Haik M."]
[Result "0-1"]
[WhiteTitle "FM"]
[BlackTitle "GM"]
[WhiteElo "2373"]
[BlackElo "2682"]
[WhiteFideId "13511173"]
[BlackFideId "13306553"]
[EventDate "2022.12.26"]

1. e4 e5 2. Nf3 Nc6 3. Bb5 a6 4. Ba4 g6 5. O-O Bg7 6. c3 d6 7. d4 Bd7 8. Re1
Nge7 9. Be3 O-O 10. dxe5 dxe5 11. Bc5 b5 12. Bc2 Na5 13. Nbd2 Nb7 14. Nb3 a5 15.
Be3 Nd6 16. Nc5 a4 17. Qc1 Bg4 18. Nd2 h6 19. c4 c6 20. Bd3 Kh7 21. Qc3 Qb8 22.
Be2 Bc8 23. Nd3 bxc4 24. Nc5 Nd5 25. exd5 cxd5 26. Nf3 d4 27. Nxd4 exd4 28. Bxd4
Nb5 29. Bxg7 Nxc3 30. Bxc3 Bf5 31. Bxc4 Qc7 32. Bb4 Rfe8 33. Rec1 Kg8 34. a3 Qf4
35. Bf1 Red8 36. Re1 Rab8 37. Nxa4 Rxb4 38. axb4 Rd2 39. Re2 Qxb4 40. Nc3 Rxe2
41. Nxe2 Qxb2 42. Ra8+ Kg7 43. Ng3 Be6 44. Ra4 Qc2 45. Rd4 Qc3 46. Rd3 Qb4 47.
Re3 Bd5 48. h4 h5 49. Be2 f5 50. Nf1 Qb1 51. Bf3 Bc4 52. Be2 f4 53. Re7+ Kf8 54.
Re5 Qb2 55. Re4 Bxe2 56. Rxf4+ Kg7 57. Ng3 Qb1+ 58. Kh2 Qb7 0-1

[Event "World Rapid 2022"]
[Site "Almaty KAZ"]
[Date "2022.12.27"]
[Round "9.27"]
[White "Esipenko, Andrey"]
[Black "Sanal, Vahap"]
[Result "1-0"]
[WhiteTitle "GM"]
[BlackTitle "GM"]
[WhiteElo "2678"]
[BlackElo "2597"]
[WhiteFideId "24175439"]
[BlackFideId "6300545"]
[EventDate "2022.12.26"]

1. e4 d6 2. d4 Nf6 3. Nc3 e5 4. Nf3 Nbd7 5. h3 Be7 6. g4 exd4 7. Nxd4 d5 8. Nxd5
Nxd5 9. exd5 O-O 10. Bg2 Nb6 11. Ne2 f5 12. Qd3 Bb4+ 13. c3 Bd6 14. Be3 Qe8 15.
O-O-O f4 16. Bd4 Bd7 17. Be4 Bb5 18. Qc2 Kh8 19. Rhe1 Qf7 20. Ng1 f3 21. Nxf3
Rae8 22. Kb1 Qf4 23. Nh4 Ba4 24. b3 Nc4 25. Qd3 Na3+ 26. Kb2 Bb5 27. c4 Be5 28.
Kxa3 Qf6 29. Bxe5 Qa6+ 30. Kb2 Rxe5 31. cxb5 Qf6 32. Qd4 1-0

[Event "World Rapid 2022"]
[Site "Almaty KAZ"]
[Date "2022.12.27"]
[Round "9.28"]
[White "Salem, A.R. Saleh"]
[Black "Kobalia, Mikhail"]
[Result "1/2-1/2"]
[WhiteTitle "GM"]
[BlackTitle "GM"]
[WhiteElo "2677"]
[BlackElo "2577"]
[WhiteFideId "9301348"]
[BlackFideId "4119150"]
[EventDate "2022.12.26"]

1. d4 d5 2. c4 c6 3. Nf3 Nf6 4. e3 Bf5 5. Nc3 e6 6. Nh4 Bg6 7. Nxg6 hxg6 8. Bd2
Nbd7 9. Qb3 Qb6 10. h3 Be7 11. Be2 O-O 12. O-O Qc7 13. Rfc1 Nb6 14. c5 Nbd7 15.
Qd1 e5 16. b4 a6 17. a4 Rfe8 18. b5 a5 19. Rab1 Nf8 20. Bd3 Ne6 21. Ne2 exd4 22.
exd4 Ne4 23. Be3 f5 24. Bxe4 fxe4 25. bxc6 bxc6 26. Rb6 Bd8 27. Rcb1 Qc8 28. Rb7
Bc7 29. Ng3 Nd8 30. R7b3 Rb8 31. Rxb8 Bxb8 32. Nf1 Bc7 33. Nh2 Qf5 34. Ng4 Rf8
35. Qe2 Qc8 36. Qd1 Kh7 37. Rb3 Kg8 38. Qb1 Kh7 39. Qe1 Qa6 40. Qf1 Qc8 41. Qe2
Kg8 42. Rb2 Kh7 43. Rb1 Kg8 44. Nh2 Kh7 45. Nf1 Kg8 46. Nh2 Kh7 47. Rb3 Kg8 48.
Ng4 Kh7 49. Rb1 Kg8 50. Rb3 Kh7 1/2-1/2

[Event "World Rapid 2022"]
[Site "Almaty KAZ"]
[Date "2022.12.27"]
[Round "9.29"]
[White "Nguyen, Thai Dai Van"]
[Black "Anton Guijarro, David"]
[Result "1/2-1/2"]
[WhiteTitle "GM"]
[BlackTitle "GM"]
[WhiteElo "2656"]
[BlackElo "2675"]
[WhiteFideId "358878"]
[BlackFideId "2285525"]
[EventDate "2022.12.26"]

1. Nf3 d5 2. d4 Nf6 3. c4 e6 4. Nc3 Bb4 5. Bg5 dxc4 6. e4 c5 7. Bxc4 cxd4 8.
Nxd4 Qa5 9. Bd2 Qc5 10. Bb5+ Bd7 11. Nb3 Qc7 12. Bd3 O-O 13. O-O Rd8 14. Qe2 Nc6
15. Rac1 Be8 16. Rfd1 Rac8 17. h3 Qb8 18. a3 Bd6 19. Be3 Bh2+ 20. Kh1 Bf4 21.
Bxf4 Qxf4 22. g3 Qb8 23. Qe3 Ne5 24. Be2 h6 25. Kg1 b6 26. Ba6 Rxd1+ 27. Rxd1
Rd8 28. Rxd8 Qxd8 29. Be2 1/2-1/2

[Event "World Rapid 2022"]
[Site "Almaty KAZ"]
[Date "2022.12.27"]
[Round "9.31"]
[White "Kovalev, Vladislav"]
[Black "Shimanov, Aleksandr"]
[Result "1/2-1/2"]
[WhiteTitle "GM"]
[BlackTitle "GM"]
[WhiteElo "2623"]
[BlackElo "2581"]
[WhiteFideId "13504398"]
[BlackFideId "4198603"]
[EventDate "2022.12.26"]

1. e4 c6 2. d4 d5 3. exd5 cxd5 4. Bd3 Nc6 5. c3 Nf6 6. Bf4 Bg4 7. Qb3 Qd7 8. Nd2
e6 9. Ngf3 Bxf3 10. Nxf3 Bd6 11. Bxd6 Qxd6 12. O-O O-O 13. Rfe1 Qc7 14. h3 Rab8
15. a4 a6 16. Ne5 Nxe5 17. Rxe5 Nd7 18. Ree1 Nf6 19. a5 1/2-1/2